Le cénacle de Joseph Delorme (Record no. 140091)

MARC details
000 -LEADER
campo de control de longitud fija 00628nam a2200193 4500
001 - NÚMERO DE CONTROL
campo de control 140091
003 - IDENTIFICADOR DE NÚMERO DE CONTROL
campo de control ES-MaACL
005 - FECHA Y HORA DE LA ÚLTIMA TRANSACCIÓN
campo de control 20230906200012.0
007 - CAMPO FIJO DE DESCRIPCIÓN FÍSICA--INFORMACIÓN GENERAL
campo de control de longitud fija t|
008 - DATOS DE LONGITUD FIJA--INFORMACIÓN GENERAL
campo de control de longitud fija 070214s1912 fr r ||||1| fre d
100 1# - ENTRADA PRINCIPAL--NOMBRE DE PERSONA
Nombre de persona Séché, Léon.
9 (RLIN) 105037
245 13 - MENCIÓN DEL TÍTULO
Título Le cénacle de Joseph Delorme
Resto del título : (1827-1839) /
Mención de responsabilidad, etc. Léon Séché.
260 ## - PUBLICACIÓN, DISTRIBUCIÓN, ETC.
Lugar de publicación, distribución, etc. Paris :
Nombre del editor, distribuidor, etc. Mercure de France,
Fecha de publicación, distribución, etc. 1912.
300 ## - DESCRIPCIÓN FÍSICA
Extensión 2 v. ;
Dimensiones 19 x 12 cm.
500 ## - NOTA GENERAL
Nota general Contiene : I . Victor Hugo et les poètes ----- II . Victor Hugo et les artistes.
740 0# - ENTRADA AGREGADA--TÍTULO RELACIONADO/ANALÍTICO NO CONTROLADO
Título relacionado o analítico no controlado Victor Hugo et les poètes.
740 0# - ENTRADA AGREGADA--TÍTULO RELACIONADO/ANALÍTICO NO CONTROLADO
Título relacionado o analítico no controlado Victor Hugo et les artistes.
852 ## - LOCALIZACIÓN
Ubicación ES-MaACL
Número de control de estantería F-8824-25
Holdings
Estatus retirado Estado de pérdida Estado de daño No para préstamo Biblioteca de origen Biblioteca actual Ubicación en estantería Fecha de adquisición Fuente de adquisición Total de préstamos Signatura topográfica completa Código de barras Visto por última vez Precio de reemplazo Tipo de ítem Koha
        Biblioteca del Ateneo de Madrid Biblioteca del Ateneo de Madrid Sala Pecera Planta 2 17/01/2008     F-8824-25 1145783 23/02/2023 23/02/2023 Libro impreso